000 00238nam a22001097a 4500
003 SGT
082 _a342,BAR
100 _aBARE,ACT
245 _aCOMMISSIONS OF INQUIRY ACT1952
260 _aNEW DELHI
_bEASTERN BOOK
_c2015
942 _2ddc
_cBK
999 _c11607
_d11607